السيارة ليكساس وشجرة الزيتون : (رقم التسجيلة. 81307)

تفاصيل مارك
000 -الفاتح
عناصر البيانات ثابتة الطول 00870cam a2200217 i 4500
005 - تاريخ ووقت آخر معاملة
حقل ضبط 20260119113848.0
008 - عناصر البيانات ثابتة الطول
عناصر البيانات ثابتة الطول 250721s9999 ua gr 000 0 ara d
020 ## - الترقيم الدولي المعياري للكتب (ردمك)
الترقيم الدولي المعياري للكتب (ردمك) 9772820684
041 1# - كود اللغة
كود اللغة لنص/مسار صوت أو عنوان منفصل ara
كود اللغة للأصل eng
082 14 - رقم تصنيف ديوي العشري
رقم التصنيف 327.11
رقم المادة ف ر ي
100 1# - مدخل رئيسي – اسم شخصي
الاسم الشخصي فريدمان، توماس
علاقة الشخص بالعمل/ دوره مؤلف.
245 12 - بيان العنوان
العنوان السيارة ليكساس وشجرة الزيتون :
بيان المسؤولية توماس ل.فريدمان ؛ ترجمة ليلى زيدان ؛ مراجعة فايزة حكيم.
بقية العنوان محاولة لفهم العولمة /
250 ## - بيان الطبعة
بيان الطبعة الطبعة الاولى.
264 31 - بيانات النشر، التوزيع…إلخ
مكان النشر، التوزيع...إلخ القاهرة :
اسم الناشر، الموزع...إلخ الدار الدولية للنشر و التوزيع،
تاريخ النشر، التوزيع...إلخ 2000.
300 ## - الوصف المادي
عدد الوحدات المكونة للوعاء 589 صفحة.
650 17 - مدخل إضافي بالموضوع - مصطلح موضوعي
مصطلح موضوعي أو اسم جغرافي كعنصر مدخل النظام العالمي الجديد.
650 17 - مدخل إضافي بالموضوع - مصطلح موضوعي
مصطلح موضوعي أو اسم جغرافي كعنصر مدخل العولمة.
700 1# - مدخل إضافي - اسم شخصي
الاسم الشخصي زيدان، ليلى
علاقة الشخص بالعمل/ دوره مترجم.
942 ## - بيانات إضافية (كوها)
نوع التنصيف Dewey Decimal Classification
نوع المادة (كوها) كتب
المقتنيات
حالة السحب حالة الفقدان مصدر التصنيف حالة التلف غير قابل للإعارة المكتبة الرئيسية المكتبة الحالية موقع الرف تاريخ التزويد الرقم المتسلسل Total Checkouts رقم الإستدعاء الباركود تاريخ آخر ظهور تاريخ الفاتورة نوع المادة (كوها)
    Dewey Decimal Classification     المكتبة المركزية المكتبة المركزية الإعارة 19/06/2016 1626392   327.11 / ف ر ي PLD00391314 28/07/2025 19/06/2016 كتب
    Dewey Decimal Classification     مكتبة حمزة العامة مكتبة حمزة العامة الإعارة 20/10/2015 377350   327.11فري PLD00357671 28/07/2025 20/10/2015 كتب
Implemented & Customized by: BBB with SCIT (Smart Chains for Information Technology)

Powered by Koha